[Event "AUTO-OPEN-4491"]
[Site "http://www.queenalice.com/game.php?id=1826484"]
[Date "2023.12.4"]
[Round "1"]
[White "danielglowinski"]
[Black "Ron39"]
[Result "1-0"]
[WhiteElo "2514"]
[BlackElo "2294"]

1. e4 c6 2. d4 d5 3. Nc3 dxe4 4. Nxe4 Bf5 5. Ng3 Bg6 6. h4 h6 7. Bc4 Nf6 8. Nh3
e6 9. Nf4 Be4 10. Nxe4 Nxe4 11. O-O Bd6 12. Nxe6 fxe6 13. Qg4 Nf6 14. Qxg7 1-0

[Event "AUTO-OPEN-4491"]
[Site "http://www.queenalice.com/game.php?id=1826485"]
[Date "2023.12.4"]
[Round "1"]
[White "Ron39"]
[Black "danielglowinski"]
[Result "1/2-1/2"]
[WhiteElo "2289"]
[BlackElo "2518"]

1. e4 e6 2. d4 d5 3. Nc3 dxe4 4. Nxe4 Be7 5. Nf3 Nf6 6. Nxf6+ Bxf6 7. Bd3 O-O 8.
Qe2 Nc6 9. c3 e5 10. dxe5 Nxe5 11. Nxe5 Bxe5 12. O-O Re8 13. Qc2 g6 14. Be3 Qd6
15. g3 Bg4 16. Be2 1/2-1/2

[Event "AUTO-OPEN-4491"]
[Site "http://www.queenalice.com/game.php?id=1826508"]
[Date "2023.12.4"]
[Round "1"]
[White "Ron39"]
[Black "maurice916"]
[Result "1-0"]
[WhiteElo "2280"]
[BlackElo "1888"]

1. d4 d5 2. c4 c6 3. Nc3 e6 4. Nf3 Nf6 5. Bg5 Be7 6. e3 Nbd7 7. Rc1 b6 8. cxd5
cxd5 9. Bd3 Bb7 10. O-O O-O 11. Qb3 a6 12. Rc2 b5 13. Rfc1 Rc8 14. Ne2 Qb6 15.
Ne5 Qd6 16. Bf4 Qb6 17. Bg5 h6 18. Nxd7 Nxd7 19. Bxe7 Rxc2 20. Rxc2 Re8 21. Bh4
e5 22. dxe5 Nxe5 23. Bg3 Nc4 24. Bxc4 dxc4 25. Qc3 Bd5 26. Rd2 Be6 27. Qd4 Qa5
28. a3 Bf5 29. Qc3 Qb6 30. Rd6 Qb7 31. f3 Bd3 32. Nf4 Bh7 33. Qd4 Qc8 34. Nh5
Bg6 35. Qxg7# 1-0

[Event "AUTO-OPEN-4491"]
[Site "http://www.queenalice.com/game.php?id=1826509"]
[Date "2023.12.4"]
[Round "1"]
[White "maurice916"]
[Black "Ron39"]
[Result "0-1"]
[WhiteElo "1905"]
[BlackElo "2279"]

1. Nf3 d5 2. e3 Bg4 3. c4 Bxf3 4. Qxf3 Nf6 5. cxd5 Qxd5 6. Be2 Qxf3 7. Bxf3 c6
8. Nc3 e5 9. e4 Bc5 10. d3 h6 11. Be3 Nbd7 12. O-O O-O-O 13. Rfd1 Bxe3 14. fxe3
Rhe8 15. d4 Nb6 16. d5 Nc4 17. Kf2 Nxb2 18. Rd2 Nc4 19. Rc2 Nd6 20. dxc6 bxc6
21. Nd5 Ndxe4+ 22. Bxe4 Nxe4+ 23. Kf3 Ng5+ 24. Kg4 Rxd5 25. Rxc6+ Kd7 26. Rac1
Ne6 27. e4 Rd6 28. R6c2 Ke7 29. Kf5 f6 30. h3 Nd4+ 0-1

[Event "AUTO-OPEN-4491"]
[Site "http://www.queenalice.com/game.php?id=1826510"]
[Date "2023.12.4"]
[Round "1"]
[White "Ron39"]
[Black "mennecy91"]
[Result "1-0"]
[WhiteElo "2281"]
[BlackElo "2110"]

1. e4 c5 2. Nf3 Nc6 3. d4 cxd4 4. Nxd4 g6 5. Nc3 Bg7 6. Be3 d6 7. Qd2 a6 8. f3
Bd7 9. O-O-O Rc8 10. Nxc6 Bxc6 11. Nd5 Ba4 12. b3 Bb5 13. Bb6 Qd7 14. Bxb5 axb5
15. Bd4 Bh6 16. f4 e5 17. Nb6 Qc7 18. Nxc8 Bxf4 19. Nxd6+ Qxd6 20. Be3 1-0

[Event "AUTO-OPEN-4491"]
[Site "http://www.queenalice.com/game.php?id=1826511"]
[Date "2023.12.4"]
[Round "1"]
[White "mennecy91"]
[Black "Ron39"]
[Result "0-1"]
[WhiteElo "2102"]
[BlackElo "2288"]

1. c4 c6 2. Nc3 d5 3. d4 dxc4 4. e4 b5 5. a4 b4 6. Na2 a5 7. Bxc4 Ba6 8. Bxa6
Nxa6 9. Be3 e6 10. Rc1 Rc8 11. Ne2 Nf6 12. f3 Be7 13. O-O O-O 14. Rc4 c5 15. b3
cxd4 16. Rxd4 Qc7 17. Rc4 Qd6 18. Qc2 Rxc4 19. Qxc4 Nc5 20. Qxc5 Qxc5 21. Bxc5
Bxc5+ 22. Kh1 Rd8 23. Nf4 Be3 24. g3 g6 25. Nc1 Rc8 26. Nfe2 Nd7 27. Nd3 Nc5 28.
Nxc5 Rxc5 29. Rd1 Rc2 30. Nd4 Rc3 31. f4 Kg7 32. e5 Bxd4 33. Rxd4 Rxb3 34. g4
Ra3 35. f5 exf5 36. gxf5 gxf5 37. Rd7 Kf8 0-1

[Event "AUTO-ELITE-2545"]
[Site "http://www.queenalice.com/game.php?id=1840158"]
[Date "2024.7.14"]
[Round "1"]
[White "acid"]
[Black "Ron39"]
[Result "1-0"]
[WhiteElo "2734"]
[BlackElo "2295"]

1. d4 d5 2. c4 e5 3. dxe5 d4 4. Nf3 Nc6 5. a3 Bg4 6. Nbd2 Qe7 7. h3 Bxf3 8. Nxf3
Nxe5 9. Qxd4 Nxf3+ 10. gxf3 Qd7 11. Qxd7+ Kxd7 12. h4 c6 13. Bh3+ Kc7 14. Bf4+
Kb6 15. Be5 f6 16. Bc3 Rd8 17. e3 Ne7 18. Ke2 Ng6 19. h5 Ne5 20. f4 Nxc4 21. h6
Rd6 22. b3 Na5 23. Rhd1 gxh6 24. Rxd6 Bxd6 25. b4 Nc4 26. Be6 Nxa3 27. Rxa3 Re8
28. f5 h5 29. Ra1 Be5 30. Bxe5 fxe5 31. Kd3 a6 32. Ke4 Kb5 33. Rb1 h4 34. Kxe5
1-0

[Event "AUTO-ELITE-2545"]
[Site "http://www.queenalice.com/game.php?id=1840159"]
[Date "2024.7.14"]
[Round "1"]
[White "Ron39"]
[Black "acid"]
[Result "0-1"]
[WhiteElo "2296"]
[BlackElo "2733"]

1. d4 Nf6 2. c4 e6 3. Bg5 h6 4. Bh4 c5 5. d5 exd5 6. cxd5 d6 7. Nc3 Be7 8. Nf3
O-O 9. Bxf6 Bxf6 10. e4 Bg4 11. h3 Bxf3 12. Qxf3 Qb6 13. O-O-O Nd7 14. g4 c4 15.
h4 Bxc3 16. bxc3 Qa5 17. Rd2 b5 18. h5 Rab8 19. g5 Ne5 20. Qg3 hxg5 21. h6 g6
22. Qxg5 Qxc3+ 23. Kb1 Nf3 0-1

[Event "AUTO-ELITE-2545"]
[Site "http://www.queenalice.com/game.php?id=1840164"]
[Date "2024.7.14"]
[Round "1"]
[White "raulzampronha"]
[Black "Ron39"]
[Result "1/2-1/2"]
[WhiteElo "2416"]
[BlackElo "2294"]

1. d4 Nf6 2. c4 e5 3. dxe5 Ng4 4. Nf3 Nc6 5. Bf4 Bb4+ 6. Nbd2 Qe7 7. e3 Ngxe5 8.
Nxe5 Nxe5 9. Be2 O-O 10. O-O Bxd2 11. Qxd2 d6 12. Rfd1 Be6 13. c5 Rfd8 14. cxd6
cxd6 15. Qb4 a5 16. Qa3 Rd7 17. Bb5 Rc7 18. Qxd6 Qxd6 19. Rxd6 Rc5 20. Bf1 Ng6
21. Bg3 Rac8 22. h4 R5c6 23. Rxc6 Rxc6 24. Rd1 f6 25. Rd8+ Kf7 26. h5 Ne7 27.
Bb5 Rc1+ 28. Kh2 Nc6 29. Ra8 Bxa2 30. Bxc6 Rxc6 31. Rxa5 Bc4 32. b3 Be2 33. h6
Rb6 34. hxg7 Rxb3 35. Bd6 Kxg7 36. Kg3 Rb5 37. Rxb5 Bxb5 1/2-1/2

[Event "AUTO-ELITE-2545"]
[Site "http://www.queenalice.com/game.php?id=1840165"]
[Date "2024.7.14"]
[Round "1"]
[White "Ron39"]
[Black "raulzampronha"]
[Result "1-0"]
[WhiteElo "2298"]
[BlackElo "2413"]

1. e4 c5 2. Nf3 e6 3. d4 cxd4 4. Nxd4 d6 5. g4 Nc6 6. Bb5 Bd7 7. Nc3 a6 8. Nxc6
bxc6 9. Be2 d5 10. exd5 exd5 11. Bf4 Qb6 12. Qc1 Bb4 13. Qe3+ Qxe3 14. Bxe3 Nf6
15. f3 O-O 16. g5 Ne8 17. Bd2 Nd6 18. Na4 Bxd2+ 19. Kxd2 Rfb8 20. b3 Kf8 21. Nc5
Bc8 22. Bd3 a5 23. a4 Ra7 24. Rhe1 Re7 25. Rxe7 Kxe7 26. Re1+ Kf8 27. Re5 Bh3
28. Bf1 Bc8 29. Ba6 Bh3 30. Bd3 Re8 31. Rxe8+ Kxe8 32. Ke3 g6 33. Kf4 Ke7 34.
Ke5 Bc8 35. c3 Bh3 36. b4 axb4 37. cxb4 1-0

[Event "Challenge"]
[Site "http://www.queenalice.com/game.php?id=1850673"]
[Date "2025.1.20"]
[Round "-"]
[White "Ron39"]
[Black "mario48"]
[Result "0-1"]
[WhiteElo "2299"]
[BlackElo "2263"]

1. d4 d5 2. c4 dxc4 3. Nc3 Nf6 4. e4 e5 5. d5 b5 6. Nxb5 Nxe4 7. Bxc4 Bb4+ 8.
Kf1 O-O 9. f3 Nd6 10. Nxd6 Qxd6 11. Be3 Nd7 12. Qd3 Nb6 13. Bxb6 Qxb6 14. Ne2
Bd7 15. a3 Bd6 16. b4 a5 17. b5 a4 18. Nc3 f5 19. Ke2 Rfe8 20. Qc2 e4 21. fxe4
fxe4 22. h3 Qd4 23. Nxa4 Rf8 24. Rhf1 Bg3 25. Rxf8+ Rxf8 26. Rf1 Rf2+ 27. Rxf2
Qxf2+ 28. Kd1 Qe1# 0-1

[Event "Challenge"]
[Site "http://www.queenalice.com/game.php?id=1850674"]
[Date "2025.1.20"]
[Round "-"]
[White "mario48"]
[Black "Ron39"]
[Result "1-0"]
[WhiteElo "2249"]
[BlackElo "2313"]

1. e4 e6 2. d4 d5 3. exd5 exd5 4. Nf3 c6 5. Bd3 Bd6 6. O-O Bg4 7. Re1+ Ne7 8.
Qe2 O-O 9. Bxh7+ Kh8 10. Bd3 Nf5 11. c3 Nh4 12. Nbd2 Qf6 13. h3 Nxf3+ 14. Nxf3
Bxf3 15. Qxf3 Qxf3 16. gxf3 Nd7 17. Bg5 f6 18. Bh4 g5 19. Bg3 Bxg3 20. fxg3 Rae8
21. Bg6 Rxe1+ 22. Rxe1 Kg7 23. Bf5 Rf7 24. Re2 Nb6 25. b3 Nd7 26. Kf2 Nf8 27. c4
dxc4 28. bxc4 b5 29. cxb5 cxb5 30. d5 Nd7 31. Be6 Re7 32. d6 1-0

[Event "AUTO-MASTER-3256"]
[Site "http://www.queenalice.com/game.php?id=1853573"]
[Date "2025.3.9"]
[Round "1"]
[White "CCapivara"]
[Black "Ron39"]
[Result "1-0"]
[WhiteElo "2211"]
[BlackElo "2297"]

1. e4 c6 2. d4 d5 3. exd5 cxd5 4. Nf3 Nf6 5. Bd3 Nc6 6. c3 Qc7 7. O-O Bg4 8. Bg5
Ne4 9. Bh4 e6 10. Re1 Qf4 11. Bg3 Nxg3 12. hxg3 Qc7 13. Nbd2 Be7 14. Qa4 O-O 15.
Ne5 Nxe5 16. dxe5 Bh5 17. Nf3 Rfc8 18. Qc2 Bg6 19. Bxg6 hxg6 20. Rad1 b5 21. a3
a5 22. Qd3 b4 23. axb4 axb4 24. cxb4 Bxb4 25. Re2 Qc4 26. Qe3 Ra2 27. Rd4 Qc1+
28. Qxc1 Rxc1+ 29. Kh2 Ba5 30. g4 Rc4 31. Kg3 Rxd4 32. Nxd4 Bc3 33. bxc3 1-0

[Event "AUTO-MASTER-3256"]
[Site "http://www.queenalice.com/game.php?id=1853574"]
[Date "2025.3.9"]
[Round "1"]
[White "Ron39"]
[Black "CCapivara"]
[Result "1-0"]
[WhiteElo "2286"]
[BlackElo "2254"]

1. e4 d6 2. Nf3 Nf6 3. c3 e5 4. Bc4 Be7 5. O-O O-O 6. Qc2 c6 7. d4 exd4 8. cxd4
d5 9. exd5 cxd5 10. Bd3 Nc6 11. Be3 Bg4 12. Ne5 Bd7 13. a3 Rc8 14. Nxd7 Nxd7 15.
Qb3 Bf6 16. Rd1 b6 17. Nc3 Bxd4 18. Bxd4 Nxd4 19. Bxh7+ Kxh7 20. Rxd4 Nc5 21.
Qxd5 Nb3 22. Qh5+ Kg8 23. Rxd8 Rfxd8 24. Rd1 1-0

[Event "AUTO-MASTER-3256"]
[Site "http://www.queenalice.com/game.php?id=1853581"]
[Date "2025.3.9"]
[Round "1"]
[White "andrevillares"]
[Black "Ron39"]
[Result "0-1"]
[WhiteElo "2156"]
[BlackElo "2293"]

1. d4 d5 2. c4 e5 3. dxe5 d4 4. Nf3 Nc6 5. g3 Bg4 6. Bg2 Qd7 7. O-O O-O-O 8. Na3
Bxf3 9. Bxf3 Nxe5 10. Bg2 Ne7 11. Qb3 N7c6 12. Nb5 a6 13. Na7+ Kb8 14. Nxc6+
Nxc6 15. Rd1 Qe6 16. Bf4 Be7 17. Rd2 g5 18. Bd5 Qd7 19. Bxc6 Qxc6 20. Be5 Bf6
21. Bxf6 Qxf6 22. c5 c6 23. Rad1 Rd7 24. Qb4 Rhd8 25. Rd3 Rd5 26. Rf3 Qe7 27.
Rfd3 Qxe2 28. R3d2 Qb5 29. Rxd4 Qxb4 0-1

[Event "AUTO-MASTER-3256"]
[Site "http://www.queenalice.com/game.php?id=1853582"]
[Date "2025.3.9"]
[Round "1"]
[White "Ron39"]
[Black "andrevillares"]
[Result "1-0"]
[WhiteElo "2301"]
[BlackElo "2122"]

1. d4 Nf6 2. c4 e6 3. Nc3 d5 4. Bg5 Be7 5. e3 O-O 6. Nf3 Nbd7 7. Be2 h6 8. Bh4
b6 9. O-O Bb7 10. cxd5 exd5 11. Rc1 c5 12. Na4 Rc8 13. Nc3 a6 14. a3 Re8 15. Bd3
Ne4 16. Bxe7 Rxe7 17. dxc5 bxc5 18. Qa4 Ne5 19. Nxe5 Rxe5 20. Rfd1 Qf6 21. Bxe4
dxe4 22. Qd7 Rb8 23. Qc7 Ree8 24. Qxc5 Re5 25. Qc7 Ree8 26. Rd6 Qf5 27. Rcd1 a5
28. Rb6 Rec8 29. Qe7 Ba8 30. Rxb8 Rxb8 31. Rd8+ 1-0